000
00236nam a2200097Ia 4500
001
1041869
005
20250826232050.0
008
250824s9999 xx 000 0 und d
245
0
_a
ÇERİ I
_c
GÖKHAN ÇAYIRLI
260
_b
LOPUS YAYINLARI
999
_c
1041869
_d
1041869